Konferencia pedagógov voľného času školských zariadení (zborník príspevkov)

Podrobná bibliografia
Ďalší autori: Ondríková, Eva (Zostavovateľ, kompilátor)
Médium: Kniha
Jazyk:slovenčina
Fyzický popis:100 s. fotogr., sch., tab. 21 cm
Vydavateľské údaje: Prešov Metodicko-pedagogické centrum 2008
ISBN:9788080455323 (brož.)
Vydanie:1. vyd.
Predmet:

MARC

LEADER 00000nam a2200000 a 4500
001 vtls009480230
003 SK-MaSNL
005 20260302043559.0
008 160830s2008 xo ol f 100 0 slo
015 |a SNBA2009/06-03087 
020 |a 9788080455323 (brož.) 
035 |a DBAB88C5-1CEB-42D4-A9D1-3B6B2D4EF86A 
035 |a urn:nbn:sk:snk-aml2n4 
035 |a urn:nbn:sk:snk-am008lsd 
040 |a SNK  |b slo  |c SNK  |e AACR2 
041 0 |a slo 
044 |a xo  |c SK 
072 7 |a 37  |x Výchova a vzdelávanie  |2 konspekt 
080 |a 379.8  |2 2001 
080 |a 37.03:379.8  |2 2001 
080 |a (062.534)  |2 2001 
245 0 0 |a Konferencia pedagógov voľného času školských zariadení  |b (zborník príspevkov)  |c [zostavovateľ: Eva Ondríková] 
250 |a 1. vyd. 
260 |a Prešov  |b Metodicko-pedagogické centrum  |c 2008 
300 |a 100 s.  |b fotogr., sch., tab.  |c 21 cm 
366 |e 150 výt. Nepredajné 
504 |a Bibliogr. odkazy 
650 0 7 |a pedagogika voľného času  |2 SNKPH  |9 14931 
650 0 7 |a výchova pre voľný čas  |2 SNKPH  |9 71084 
650 0 7 |a Leisure education  |2 SNKPHeng  |9 275073 
650 0 7 |a Education for leisure  |2 SNKPHeng  |9 409520 
655 7 |a zborníky konferencií  |2 SNKPH  |9 70153 
655 7 |a Proceedings of conferences  |2 SNKPHeng  |9 265791 
700 1 |a Ondríková, Eva  |4 com  |9 315189 
919 |a 978-80-8045-532-3 
958 |a OND 
958 |a NB 
968 |d 37 
999 |c 1087125  |d 1089055 
952 |a SNK  |b SNK  |y PREZ  |7 0  |p 17A0613510  |o snkSC 134804  |i snk2009/4525  |8 0  |0 0  |1 0  |4 0  |d 2009-03-05  |f 1  |l 0  |r 2025-07-01 00:00:00  |w 2026-02-24